=LDR 00000nam 2200000 4500 =001 INLIS000000000014157 =005 20130612105439 =008 ***********************************Ind** =035 ##$$0010-061300000014157 =041 ##$$a Ind =082 ##$$a 221.92 =090 ##$$a 221.92, Bas s =100 ##$$a Bastoni, Hepi Andi =245 ##$$a 101 sahabat nabi, Hepi Andi Bastoni =260 ##$$a 2002 $b Jakarta =300 ##$$a xxviii, 603 hlm, Ilus, 24 cm =650 ##$$a Nabi =850 ##$$a NBPNMAT =990 ##$$a 0001/BPAP-NTB/2016